[Event "CAPA 7/I/22 email"]
[Site "Argentina"]
[Date "2001.??.??"]
[Round "1"]
[White "Romero, Marcelo Javier"]
[Black "Toledo, Ruben Javier"]
[Result "1-0"]
[WhiteElo "2000"]
[BlackElo "2150"]
[PlyCount "99"]
[EventDate "2001.??.??"]
[EventType "tourn (corr)"]
[EventRounds "6"]
[EventCountry "ARG"]
[SourceTitle "Corr 2002"]
[Source "ChessBase"]
[SourceDate "2002.05.23"]
[SourceVersion "1"]
[SourceVersionDate "2002.05.23"]
[SourceQuality "1"]

1. e4 c5 2. Nf3 e6 3. d4 cxd4 4. Nxd4 Nf6 5. Nc3 Bb4 6. Ndb5 Nxe4 7. Qd4 Nxc3 8. bxc3 Bf8 9. Bf4 Nc6 10. Qe3 d6 11. Bxd6 Bxd6 12. Rd1 0-0 13. Nxd6 Qc7 14. Bc4 Rd8 15. Qg3 Ne7 16. 0-0 Nd5 17. Bxd5 exd5 18. Rxd5 Be6 19. Rd3 Bxa2 20. Rfd1 Rf8 21. Qf3 b6 22. c4 Qc5 23. Qf4 a5 24. Ra1 Qb4 25. Rdd1 Qa4 26. c3 Rad8 27. Rd2 Qb3 28. Rdxa2 Qxc3 29. Rd1 Rd7 30. Rad2 Rfd8 31. h3 Qb4 32. Qg3 Kf8 33. Nf5 Rxd2 34. Qxg7+ Ke8 35. Re1+ Kd7 36. Qxf7+ Kc6 37. Ne7+ Kc5 38. Re5+ Kd4 39. Nc6+ Kc3 40. Nxb4 axb4 41. Rd5 R8xd5 42. cxd5 b3 43. Qc7+ Kb4 44. Qxb6+ Kc3 45. Qc5+ Kd3 46. d6 b2 47. Kh2 Ke2 48. Qb6 Kd1 49. d7 Rxd7 50. Qxb2 1-0

[Event "SEMI CAPA-SEMI email"]
[Site "SEMI email"]
[Date "2001.??.??"]
[Round "15"]
[White "Toledo, Ruben Javier"]
[Black "Scacco, Mauro"]
[Result "1-0"]
[WhiteElo "2180"]
[BlackElo "2345"]
[PlyCount "23"]
[EventDate "2001.??.??"]
[EventType "team (corr)"]
[EventRounds "2"]
[EventCountry "ITA"]
[SourceTitle "Corr 2008"]
[Source "ChessBase"]
[SourceDate "2008.06.24"]
[SourceVersion "1"]
[SourceVersionDate "2008.06.24"]
[SourceQuality "1"]

1. e4 e6 2. d4 d5 3. Nc3 Bb4 4. e5 c5 5. Bd2 Ne7 6. Nb5 Bxd2+ 7. Qxd2 0-0 8. f4 f6 9. exf6 gxf6 10. dxc5 Na6 11. Qc3 b6 12. cxb6 1-0